Australia - Sudden Death - Statistics

General Stats
  • This quiz has been taken 135 times
  • The average score is 5 of 10
Answers on the Grid
Answers color-coded by a green-red scale on the quiz's grid according to % correct below.
Alice Springs appears on almost all world maps
Australians are also called "Kiwis"
Borders Papu New Guinea
Capital formerly called New London
Capital is Sydney
Central desert region called "The Outback"
Connected by bridge to New Zealand
First colonized by criminals
Has longest fence in the world
Has lost a war to birds
Has world's largest coral reef
Has world's most venomous snakes
Home to world's only egg laying mammals
Illegal to hunt kangaroos
Includes koala on coat of arms
Larger than Europe
Largest island in the world
More kangaroos than humans
Never experienced snow
Tasmania is named after first Prime Minister
 
Answer Stats
Answer % Correct
Has world's largest coral reef
80%
Central desert region called "The Outback"
78%
First colonized by criminals
59%
Has longest fence in the world
59%
Has lost a war to birds
49%
Home to world's only egg laying mammals
46%
Has world's most venomous snakes
44%
Alice Springs appears on almost all world maps
42%
Larger than Europe
24%
More kangaroos than humans
20%
No matching quizzes found
Score Distribution
Percent of People with Each Score
Percentile by Number Answered
Your Score History
You have not taken this quiz